Počítačová grafika a animace

Podrobná bibliografia
Hlavný autor: Kalbag, Asha (Autor)
Ďalší autori: Punter, Russell (Ilustrátor), Allman, Howard (Fotograf), Kostecký, Pavel (Prekladateľ)
Médium: Kniha
Jazyk:čeština
angličtina
PhysicalDescription:72 s. fotogr., ilustr. 26 cm
Vydavateľské údaje: Bratislava Príroda 2001
ISBN:8007006613
Vydanie:1. čes. vyd.
Edícia:Jak na to snadno a rychle
Praktické příručky z vydavatelství Príroda
Predmet:

MARC

LEADER 00000nam a2200000 a 4500
001 vtls008958936
003 SK-MaSNL
005 20260301225716.0
008 240313s2001 xo a f 001 0 cze
020 |a 8007006613  |q (viaz.) 
035 |a 2906D582-32A0-4F05-9EAC-47921E07BB4F 
035 |a urn:nbn:sk:snk-amlslg 
035 |a urn:nbn:sk:snk-am00c9gd 
040 |a SNK  |b slo  |c SNK  |e AACR2 
041 1 |a cze  |h eng 
044 |a xo  |c SK 
072 7 |a 004.9  |x Špeciálne počítačové metódy. Počítačová grafika  |2 konspekt 
080 |a 004.92  |2 2001 
080 |a 004.928  |2 2001 
080 |a (035)  |2 2001 
100 1 |a Kalbag, Asha  |4 aut  |9 299307 
245 1 0 |a Počítačová grafika a animace  |c Asha Kalbagová ; hlavní výtvarník Russell Punter ; fotografie Howard Allman ; [překlad Pavel Kostecký] 
250 |a 1. čes. vyd. 
260 |a Bratislava  |b Príroda  |c 2001 
300 |a 72 s.  |b fotogr., ilustr.  |c 26 cm 
490 1 |a Jak na to snadno a rychle 
490 1 |a Praktické příručky z vydavatelství Príroda 
500 |a Pravdepodobne prel. z angl. 
650 0 7 |a počítačová grafika  |2 SNKPH  |9 1829 
650 0 7 |a počítačová animácia  |2 SNKPH  |9 1865 
650 0 7 |a Computer graphics  |2 SNKPHeng  |9 268291 
650 0 7 |a Computer animation  |2 SNKPHeng  |9 481078 
700 1 |a Punter, Russell  |4 ill  |9 514118 
700 1 |a Allman, Howard  |4 pht  |9 42065 
700 1 |a Kostecký, Pavel  |4 trl  |9 363511 
830 0 |a Jak na to snadno a rychle  |9 363513 
830 0 |a Praktické příručky z vydavatelství Príroda  |9 363514 
919 |a 80-07-00661-3 
999 |c 951945  |d 953875 
952 |a SNK  |b SNK  |y PREZ  |7 0  |p 17A0547897  |o snkSB 74117  |i snk2007/8448  |8 1  |0 0  |1 0  |4 0  |d 2007-03-27  |f 1  |l 0  |r 2025-04-24 00:00:00  |w 2026-02-24